ज़िन्दगी और नाव / (Record no. 113874)
[ view plain ]
| 000 -LEADER | |
|---|---|
| fixed length control field | 00945nam a22002537a 4500 |
| 005 - DATE AND TIME OF LATEST TRANSACTION | |
| control field | 20170124102959.0 |
| 010 ## - LIBRARY OF CONGRESS CONTROL NUMBER | |
| LC control number | A-608109 |
| 020 ## - INTERNATIONAL STANDARD BOOK NUMBER | |
| Terms of availability | 15.00 |
| 035 ## - SYSTEM CONTROL NUMBER | |
| System control number | A-608109 |
| 037 ## - SOURCE OF ACQUISITION | |
| Source of stock number/acquisition | Cen Lib/Ret |
| 040 ## - CATALOGING SOURCE | |
| Original cataloging agency | DPL |
| Language of cataloging | HN |
| 082 ## - DEWEY DECIMAL CLASSIFICATION NUMBER | |
| Classification number | उ |
| Item number | राजदे |
| 100 ## - MAIN ENTRY--PERSONAL NAME | |
| Personal name | राजदेव प्रियंकर |
| 9 (RLIN) | 54236 |
| 245 ## - TITLE STATEMENT | |
| Title | ज़िन्दगी और नाव / |
| Statement of responsibility, etc | राजदेव प्रियंकर |
| 246 ## - VARYING FORM OF TITLE | |
| Title proper/short title | Zindagi aur naav / |
| Remainder of title | by Rajdev Priyankar |
| 260 ## - PUBLICATION, DISTRIBUTION, ETC. (IMPRINT) | |
| Place of publication, distribution, etc | इलाहाबाद |
| Name of publisher, distributor, etc | उमेश प्रकाशन |
| Date of publication, distribution, etc | 1991 |
| 270 ## - ADDRESS | |
| Address | १००, लूकरगंज |
| City | इलाहाबाद |
| Postal code | 211001 |
| 300 ## - PHYSICAL DESCRIPTION | |
| Extent | 107पृ. |
| Dimensions | 17सेमी (सजिल्द) |
| 650 ## - SUBJECT ADDED ENTRY--TOPICAL TERM | |
| Topical term or geographic name as entry element | हिन्दी साहित्य |
| 9 (RLIN) | 54237 |
| 650 ## - SUBJECT ADDED ENTRY--TOPICAL TERM | |
| Topical term or geographic name as entry element | उपन्यास |
| 9 (RLIN) | 54238 |
| 650 ## - SUBJECT ADDED ENTRY--TOPICAL TERM | |
| Topical term or geographic name as entry element | Hindi literature |
| 9 (RLIN) | 54239 |
| 650 ## - SUBJECT ADDED ENTRY--TOPICAL TERM | |
| Topical term or geographic name as entry element | Novel |
| 9 (RLIN) | 22513 |
| 942 ## - ADDED ENTRY ELEMENTS (KOHA) | |
| Source of classification or shelving scheme | Dewey Decimal Classification |
| Koha item type | Hindi Books |
| Classification part | उ |
| Call number suffix | राजदे |
| Withdrawn status | Lost status | Damaged status | Not for loan | Home library | Current library | Date acquired | Source of acquisition | Cost, normal purchase price | Total Checkouts | Full call number | Barcode | Date last seen | Copy number | Cost, replacement price | Price effective from | Koha item type | Public note |
|---|---|---|---|---|---|---|---|---|---|---|---|---|---|---|---|---|---|
| Withdrawn | Central Library | Central Library | 13/08/2015 | Cen Lib/Ret | 15.00 | उ राजदे | A-608109 | 13/08/2015 | 1 | 15.00 | 13/08/2015 | Hindi Books | Written off on approval by DLB (By Circulation); dtd 15-06-2023 |
